EDUCATIONAL PHILOSOPHY OF THE HOLY QURAN (Record no. 65348)

MARC details
000 -LEADER
fixed length control field 00236nam a22001097a 4500
082 ## - DEWEY DECIMAL CLASSIFICATION NUMBER
Classification number 297.17 MAA
100 ## - MAIN ENTRY--AUTHOR NAME
Personal name Dr.Mahar Abdul Haq
245 ## - TITLE STATEMENT
Title EDUCATIONAL PHILOSOPHY OF THE HOLY QURAN
260 ## - PUBLICATION, DISTRIBUTION, ETC. (IMPRINT)
Place of publication Lahore
300 ## - PHYSICAL DESCRIPTION
Number of Pages 330
942 ## - ADDED ENTRY ELEMENTS (KOHA)
Koha item type Books
Holdings
Withdrawn status Lost status Home library Current library Date acquired Full call number Accession Number Koha item type
    Central Library, QUEST, Nawabshah Central Library, QUEST, Nawabshah 10/07/2019 297.17 MAA R16615 Books